000
00195 a2200097 4500
001
14941
100
_a
Mikes G
245
_a
East is East
260
_a
_b
Andre deutsch
_c
090
_c
11707
_d
11707
942
_a
NUST-CAE
_c
M
_c
1900
999
_c
250014
_d
250014